Přínos a potenciál vědeckého výzkumu v oblasti migrace : kolektivní monografie / [Selma Muhič Dizdarevič ... et al. ; k vydání připravil Jan Rychlík]
Record details
- ISBN: 978-80-254-8008-3
- Physical Description: 123 s. ; 20 cm
- Edition: 1. vyd.
- Publisher: Praha : Ministerstvo vnitra České republiky, 2010
Content descriptions
| General Note: | V prelimináriích a na obálce pod názvem: EMN, Evropská migrační síť 500 výt. |
| Bibliography, etc. Note: | Obsahuje bibliografie a bibliografické odkazy |
Search for related items by subject
| Genre: | kolektivní monografie collective monographs |
Available copies
- 1 of 1 copy available at Common Catalog SPOK.
Holds
- 0 current holds with 1 total copy.
Show Only Available Copies
| Location | Call Number / Copy Notes | Barcode | Shelving Location | Status | Due Date |
|---|---|---|---|---|---|
| Varianty | Mig Př | 4605400028 | Šafaříkova 17 - 5. patro, Mig | Available | - |
| LDR | 02880nam a2200673 a 4500 | ||
|---|---|---|---|
| 001 | 30943 | ||
| 003 | CZ-PrJAB | ||
| 005 | 20190202113454.0 | ||
| 007 | ta | ||
| 008 | 101007s2010 xr f 000 0 cze | ||
| 015 | . | ‡acnb002120221 | |
| 020 | . | ‡a978-80-254-8008-3 ‡q(brož.) : ‡cneprodejné | |
| 035 | . | ‡a(CZ PrNK)nkc20102120221 | |
| 035 | . | ‡a(OCoLC)681494750 | |
| 040 | . | ‡aABA001 ‡bcze | |
| 043 | . | ‡ae------ ‡ae-xr--- | |
| 072 | 7. | ‡a316.4 ‡xSociální procesy ‡2Konspekt ‡918 | |
| 080 | . | ‡a314.15-026.44 ‡2MRF | |
| 080 | . | ‡a314.15:323.1 ‡2MRF | |
| 080 | . | ‡a316.4.063.3-054.72 ‡2MRF | |
| 080 | . | ‡a001.891 ‡2MRF | |
| 080 | . | ‡a303 ‡2MRF | |
| 080 | . | ‡a(4) ‡2MRF | |
| 080 | . | ‡a(437.3) ‡2MRF | |
| 080 | . | ‡a(048.8:082) ‡2MRF | |
| 245 | 0 | 0. | ‡aPřínos a potenciál vědeckého výzkumu v oblasti migrace : ‡bkolektivní monografie / ‡c[Selma Muhič Dizdarevič ... et al. ; k vydání připravil Jan Rychlík] |
| 250 | . | ‡a1. vyd. | |
| 260 | . | ‡aPraha : ‡bMinisterstvo vnitra České republiky, ‡c2010 | |
| 300 | . | ‡a123 s. ; ‡c20 cm | |
| 500 | . | ‡aV prelimináriích a na obálce pod názvem: EMN, Evropská migrační síť | |
| 500 | . | ‡a500 výt. | |
| 504 | . | ‡aObsahuje bibliografie a bibliografické odkazy | |
| 650 | 0 | 7. | ‡aemigrace a imigrace ‡7ph137594 ‡zzemě Evropské unie ‡2czenas |
| 650 | 0 | 7. | ‡aemigrace a imigrace ‡7ph137594 ‡zČesko ‡2czenas |
| 650 | 0 | 7. | ‡amigrační politika ‡7ph137748 ‡zzemě Evropské unie ‡2czenas |
| 650 | 0 | 7. | ‡amigrační politika ‡7ph137748 ‡zČesko ‡2czenas |
| 650 | 0 | 7. | ‡aintegrace imigrantů ‡7ph164956 ‡zzemě Evropské unie ‡2czenas |
| 650 | 0 | 7. | ‡aintegrace imigrantů ‡7ph164956 ‡zČesko ‡2czenas |
| 650 | 0 | 7. | ‡avědecký výzkum ‡7ph116680 ‡zzemě Evropské unie ‡2czenas |
| 650 | 0 | 7. | ‡avědecký výzkum ‡7ph116680 ‡zČesko ‡2czenas |
| 650 | 0 | 7. | ‡asociální výzkum ‡7ph210144 ‡zzemě Evropské unie ‡2czenas |
| 650 | 0 | 7. | ‡asociální výzkum ‡7ph210144 ‡zČesko ‡2czenas |
| 650 | 0 | 9. | ‡aemigration and immigration ‡zEuropean Union countries ‡2eczenas |
| 650 | 0 | 9. | ‡aemigration and immigration ‡zCzechia ‡2eczenas |
| 650 | 0 | 9. | ‡amigration policy ‡zEuropean Union countries ‡2eczenas |
| 650 | 0 | 9. | ‡amigration policy ‡zCzechia ‡2eczenas |
| 650 | 0 | 9. | ‡aintegration of immigrants ‡zEuropean Union countries ‡2eczenas |
| 650 | 0 | 9. | ‡aintegration of immigrants ‡zCzechia ‡2eczenas |
| 650 | 0 | 9. | ‡ascientific research ‡zEuropean Union countries ‡2eczenas |
| 650 | 0 | 9. | ‡ascientific research ‡zCzechia ‡2eczenas |
| 650 | 0 | 9. | ‡asocial research ‡zEuropean Union countries ‡2eczenas |
| 650 | 0 | 9. | ‡asocial research ‡zCzechia ‡2eczenas |
| 655 | 7. | ‡akolektivní monografie ‡7fd501537 ‡2czenas | |
| 655 | 9. | ‡acollective monographs ‡2eczenas | |
| 700 | 1 | . | ‡aMuhič Dizdarevič, Selma ‡7jx20101013005 ‡4aut |
| 700 | 1 | . | ‡aRychlík, Jan, ‡d1954- ‡7jn19990216159 ‡4edt |
| 710 | 2 | . | ‡aSvětová banka. ‡bEurope, Middle East, and North Africa Regional Office ‡7vse2008456827 |
| 910 | . | ‡aABH006 | |
| 901 | . | ‡a30943 ‡b ‡c30943 ‡tbiblio | |